000 01038nam a2200229 a 4500
001 000026199
005 20240226184457.0
008 100222s1998 dr 000 0 spa d
040 _aDO-SdBNP
_bspa
_cBNPHU
082 _a306
_bR426h
110 1 _aRepública Dominicana
_bPresidencia de la República
_917065
245 1 0 _aHacía un programa de desarrollo cultural para la República Dominicana :
_bRelatoria ampliada del encuentro celebrado el 21 y 22 de noviembre de 1996 /
_ceditores Luis O. Brea Franco, Ramón A. Victoriano M.
260 _aSanto Domingo :
_bConsejo Presidencial para la Cutura
_bPrograma de la Naciones Unidas para el Desarrollo,
_c1998
_fEditora Búho
300 _a156 p. ;
_c22 cm.
500 _aIncluye notas al pie de las páginas
650 4 _aRepública dominicana
_xPolítica cultural
_953211
650 4 _aCultura
_zRepública Dominicana
_91983
700 1 _aBrea Franco, Luis O.
_eed.
_97125
700 1 _aVictoriano M., Ramón A.
_eed.
_935826
710 1 _aProyecto Reforma Cultural
_953212
049 _aBNPD
999 _c25691
_d25691